Books of the Bible - Exact Spelling - Statistics

General Stats
  • This quiz has been taken 23 times
  • The average score is 37 of 66
Answer Stats
Book % Correct
Genesis
100%
John
100%
Luke
100%
Mark
100%
Matthew
100%
Exodus
93%
Psalms
87%
Leviticus
80%
Acts
73%
Revelation
73%
Ruth
73%
Deuteronomy
67%
Isaiah
67%
Job
67%
Numbers
67%
Romans
67%
1 Corinthians
60%
1 John
60%
1 Kings
60%
2 Corinthians
60%
2 John
60%
2 Kings
60%
Ezekiel
60%
James
60%
Proverbs
60%
3 John
53%
Daniel
53%
Ephesians
53%
Esther
53%
Galatians
53%
Jeremiah
53%
Joshua
53%
Judges
53%
Titus
53%
1 Chronicles
47%
1 Peter
47%
1 Samuel
47%
1 Thessalonians
47%
2 Chronicles
47%
2 Peter
47%
2 Samuel
47%
2 Thessalonians
47%
Colossians
47%
Ecclesiastes
47%
Ezra
47%
Lamentations
47%
Philippians
47%
Song of Solomon
47%
Zechariah
47%
Habakkuk
40%
Hosea
40%
Joel
40%
Jonah
40%
Jude
40%
Malachi
40%
Micah
40%
Nehemiah
40%
Obadiah
40%
Philemon
40%
1 Timothy
33%
2 Timothy
33%
Amos
33%
Hebrews
33%
Nahum
33%
Zephaniah
33%
Haggai
27%
No matching quizzes found
Score Distribution
Percent of People with Each Score
Percentile by Number Answered
Your Score History
You have not taken this quiz